Every Metro Boomin Song on the Billboard Hot 100 - Statistics

General Stats
  • This quiz has been taken 131 times
    99 since last reset
  • The average score is 10 of 31
Answer Stats
# Year Song % Correct
13 2018 Ric Flair Drip (Offset)
71%
9 2020 Runnin (21 Savage)
66%
51 2018 Space Cadet ft. Gunna
65%
42 2018 10 Freaky Girls ft. 21 Savage
58%
19 2020 Glock In My Lap (21 Savage)
56%
43 2017 No Heart (21 Savage)
56%
36 2016 X (21 Savage) ft. Future
56%
62 2018 Overdue ft. Travis Scott
49%
10 2020 Mr. Right Now (21 Savage) ft. Drake
45%
35 2017 Ghostface Killers (21 Savage & Offset) ft. Travis Scott
44%
33 2020 Many Men (21 Savage)
38%
64 2017 Rap Saved Me (21 Savage & Offset) ft. Quavo
35%
26 2020 Rich Nigga Shit (21 Savage) ft. Young Thug
35%
32 2020 Slidin (21 Savage)
34%
38 2018 Don't Come Out The House ft. 21 Savage
31%
71 2017 No Complaints ft. Offset & Drake
29%
61 2020 Snitches & Rats (21 Savage) ft. Young Nudy
29%
72 2018 Dreamcatcher ft. Swae Lee & Travis Scott
28%
76 2020 RIP Luv (21 Savage)
28%
79 2018 No More ft. Travis Scott, Kodak Black & 21 Savage
24%
57 2020 Brand New Draco (21 Savage)
23%
56 2020 My Dawg (21 Savage)
21%
100 2017 Nightmare (Offset)
20%
100 2018 Up To Something ft. Travis Scott & Young Thug
19%
71 2020 No Opp Left Behind (21 Savage)
18%
91 2020 Said N Done (21 Savage)
18%
99 2017 Mad Stalkers (21 Savage & Offset)
14%
67 2017 Go Legend (Big Sean) ft. Travis Scott
13%
74 2020 Steppin On Niggas (21 Savage)
11%
80 2017 Pull Up N Wreck (Big Sean) ft. 21 Savage
9%
73 2017 My Choppa Hate N****s (21 Savage)
3%
No matching quizzes found
Score Distribution
Percent of People with Each Score
Percentile by Number Answered
Your Score History
You have not taken this quiz since the last reset